Derecho penal chileno: parte especial
Sábháilte in:
| Príomhchruthaitheoirí: | , , |
|---|---|
| Formáid: | LEABHAR |
| Teanga: | Spáinnis |
| Foilsithe / Cruthaithe: |
Santiago
Encina
1971
|
| Ábhair: | |
| Clibeanna: |
Cuir clib leis
Níl clibeanna ann, Bí ar an gcéad duine le clib a chur leis an taifead seo!
|
MARC
| LEADER | 00000nam a2200000 a 4500 | ||
|---|---|---|---|
| 001 | UCY0440 | ||
| 003 | CL-VaPUC | ||
| 008 | 940801e19710000CL |||||||||||||||||spa|d | ||
| 082 | 0 | 4 | |a 345.8302 |b POL |2 21 |
| 100 | |a Politoff Lifschitz, Sergio |e autor |9 254838 | ||
| 700 | |a Grisolía Corbatón, Francisco |e author |9 757999 | ||
| 700 | |a Bustos Ramírez, Juan |e author |9 295262 | ||
| 245 | 1 | 0 | |a Derecho penal chileno: parte especial |
| 300 | |a v | ||
| 942 | |c BK | ||
| 945 | |d 19940801 00:00:00 |a aalvarez | ||
| 260 | |a Santiago |b Encina |c 1971 | ||
| 500 | |a v.1: Delitos contra el individuo en sus condiciones físicas | ||
| 650 | 7 | |a DERECHO PENAL |2 CL-VaPUC |9 11 | |
| 651 | 7 | |a CHILE |2 CL-VaPUC |9 328151 | |
| 583 | |a last modification |c 19940801 00:00:00 |k Rodrigo Vera | ||
| 999 | |c 229440 |d 229438 | ||
| 952 | |0 0 |1 0 |4 0 |6 345_830200000000000_POL_1971 |7 0 |8 A |9 230557 |a BIBDER |b BIBDER |d 2019-11-15 |h v.1 |i 3000230 |o 345.8302 POL 1971 |p 3000230 |r 2023-01-25 |w 2019-11-15 |y BK |k DER | ||
| 952 | |0 0 |1 0 |4 0 |6 345_830200000000000_POL_1971 |7 0 |8 A |9 230559 |a BIBDER |b BIBDER |d 2019-11-15 |h v.1 |i 3000222 |o 345.8302 POL 1971 |p 3000222 |r 2023-01-25 |w 2019-11-15 |y BK |k DER | ||
| 952 | |0 0 |1 0 |4 0 |6 345_830200000000000_POL_1971 |7 0 |8 A |9 230560 |a BIBDER |b BIBDER |d 2019-11-15 |h v.1 |i 397555K |o 345.8302 POL 1971 |p 397555K |r 2023-01-25 |w 2019-11-15 |y BK |k DER | ||